000 00278nam a2200121Ia 4500
008 190216s9999||||xx |||||||||||||| ||und||
100 _aPonkunnam Varkey
245 0 _aAltara
260 _bIndian Press Pvt
_c1978
300 _a130p
650 _aMalayalam Nadakam
942 _cBK
999 _c23957
_d23957